000 00399pab a2200157 454500
008 180718b2011 xxu||||| |||| 00| 0 eng d
100 _aMehrotra, Nilika
245 _aDisability rights movements in India: Politics and practice
260 _c2011
300 _ap.65-72.
362 _a5 Feb
650 _aDisabilities
773 _aEconomic and Political Weekly
908 _aN
909 _a90869
999 _c90869
_d90869